Pasión y vida en la poesía: mesa redonda
সংরক্ষণ করুন:
| প্রধান লেখক: | , , , |
|---|---|
| অন্যান্য লেখক: | |
| বিন্যাস: | গ্রন্থ |
| ভাষা: | স্প্যানিশ |
| প্রকাশিত: |
Santiago
Corporación Cultural Rector Juvenal Hernández Jaque
2004
|
| সংস্করন: | 1a. ed |
| মালা: | Cuadernos Rector Juvenal Hernández, 7
|
| বিষয়গুলি: | |
| ট্যাগগুলো: |
ট্যাগ যুক্ত করুন
কোনো ট্যাগ নেই, প্রথমজন হিসাবে ট্যাগ করুন!
|
MARC
| LEADER | 00000nam a2200000 a 4500 | ||
|---|---|---|---|
| 001 | UCH0699 | ||
| 003 | CL-VaPUC | ||
| 008 | 090320e20040000CL |||||||||||||||||spa|d | ||
| 020 | |a 9562992446 | ||
| 082 | 0 | 4 | |a Ch861 |b RUI |2 21 |
| 100 | 0 | |a Ruiz Zaldívar, Carlos |e author |9 534966 | |
| 700 | 0 | |a Rafide Batarce, Matías |e author |9 534967 | |
| 700 | 0 | |a Tejeda, Patricia |e author |9 461723 | |
| 700 | |a Massone del Campo, Juan Antonio |e autor |9 561466 | ||
| 700 | |a Cruchaga de Walker, Rosa |e author |9 461721 | ||
| 245 | 1 | 0 | |a Pasión y vida en la poesía: mesa redonda |
| 250 | |a 1a. ed | ||
| 300 | |a 89 p | ||
| 942 | |c BK | ||
| 945 | |d 20090320 00:00:00 |a cmena | ||
| 260 | |a Santiago |b Corporación Cultural Rector Juvenal Hernández Jaque |c 2004 | ||
| 650 | 0 | |a Poesías chilenas |9 265280 | |
| 650 | 0 | |a Literatura chilena |9 308278 | |
| 583 | |a last modification |c 20140403 04:56:20 |k Rodrigo Vera | ||
| 490 | 0 | |a Cuadernos Rector Juvenal Hernández, 7 | |
| 999 | |c 332952 |d 332950 | ||
| 952 | |0 0 |1 0 |4 0 |6 CH_861_000000000000000_RUI_2004 |7 0 |8 A |9 421028 |a BIBEDU |b BIBEDU |d 2019-11-22 |i 4520491 |o Ch861 RUI 2004 |p 4520491 |r 2019-11-22 |w 2019-11-22 |y BK |k LIT | ||